01162 a2200205 45000010006000000050017000060080041000230030015000640400040000790800105001192450085002240200022003092500012003312640044003433000019003875050498004060410008009041000022009127000022009346051920260407155856.0260407a1998 arg spa dAR-UNSa-BCEJYS aAR-UNSa-BCEJYSbspacAR-UNSa-BCEJYS a304.4xAspectos generales de las políticas y prácticas sociales y culturales (política social)10aLa nueva oscuridad de la politica socialpDel estado populista al neoconservador a978-950-9467-33-0 a2a. ed. 1aBuenos Aires :bMiño y Dávilac1998 a362 p.c20 cm. a1. ¿La nueva oscuridad? Estado de bienestar, crisis de integración social y democracia / Rubén Lo Vuolo - 2. Las políticas sociales en la Argentina contemporánea / Rubén Lo Vuolo y Alberto Barbeito – 3. Crisis de integración social y retracción del estado de Bienestar en Argentina / Rubén Lo Vuolo – 4. Gato publico social y retracción del Estado de Bienestar / Alberto Barbeito – 5. Conflictos actuales y escenarios futuros de la política social / Rubén Lo Vuolo aspa1 aLo Vuolo, Rubén1 aBarbeito, Alberto